|
|
|
|
| LEADER |
00000cam a2200000 7i4500 |
| 001 |
0000015998 |
| 005 |
20080618.0 |
| 008 |
180408 |
| 020 |
|
|
|a 9831974042
|
| 090 |
0 |
0 |
|a 639.541
|b PEN
|
| 245 |
1 |
0 |
|a Penternakan udang galah secara insentif
|c Diselenggarakan oleh Abdul Latif
|
| 260 |
|
|
|a Kuala Lumpur :
|b Synergy Media
|
| 440 |
|
0 |
|a Kaedah mengatasi masalah secara praktikal
|
| 650 |
|
0 |
|a Lobsters
|
| 650 |
|
0 |
|a Lobsters fisheries
|
| 700 |
1 |
|
|a Abdul Latif
|
| 999 |
|
|
|a 0000936210
|b Book
|c Adult Collection
|e Cawangan Tangkak
|
| 999 |
|
|
|a 0000936211
|b Book
|c Adult Collection
|e Cawangan Tangkak
|
| 999 |
|
|
|a 0000936212
|b Book
|c Adult Collection
|e Cawangan Tangkak
|
| 999 |
|
|
|a 0001015862
|b Book
|c Adult Collection
|e Cawangan Tangkak
|
| 999 |
|
|
|a 0001015864
|b Book
|c Adult Collection
|e Cawangan Sri Merlong
|
| 999 |
|
|
|a 0001015865
|b Book
|c Adult Collection
|e Perbadanan Perpustakaan Awam Johor
|
| 999 |
|
|
|a 0001015866
|b Book
|c Adult Collection
|e Perbadanan Perpustakaan Awam Johor
|
| 999 |
|
|
|a 0001019384
|b Book
|c Adult Collection
|e Cawangan Bandar Tenggara
|
| 999 |
|
|
|a 0001019385
|b Book
|c Adult Collection
|e Cawangan Segamat
|